Statystyki dla 15 krajów o największej liczbie zgonów Covid19 - 22 sierpnia

Kliknij tutaj aby rozwiązać quiz!

Ogólne statystyki

  • Ten quiz został rozwiązany 28 razy
  • Średni wynik to 10 z 20

Statystyki odpowiedzi

kraj% Poprawnych
Stany Zjednoczone
100%
Rosja
92%
Wielka Brytania
81%
Francja
77%
Hiszpania
77%
Brazylia
73%
Włochy
73%
Indie
69%
Meksyk
65%
Szwecja
50%
Republika
Południowej Afryki
42%
Kolumbia
38%
Iran
35%
Irlandia
35%
Chile
31%
Peru
31%
Panama
23%
Belgia
19%
Holandia
19%
Boliwia
15%

Rozkład punktacji

Percentyl według liczby udzielonych odpowiedzi

Procent ludzi z każdym wynikiem

Twoja historia wyników

Nie rozwiązałeś tego quizu